00287nam a2200121Ia 4500008004100000100002300041245003000064260002600094300000800120650001300128942000700141999001700148190216s9999||||xx |||||||||||||| ||und|| aVasudevan Nair M T 0aSorgamthurakkunna Samayam bPoorna Pubs Kozhikode a158 aKathakal cBK c26988d26988